TRIPLE YOUR READING SPEED (Record no. 59441)

000 -LEADER
fixed length control field 00463nam a22001937a 4500
003 - CONTROL NUMBER IDENTIFIER
control field MPLRDC
005 - DATE AND TIME OF LATEST TRANSACTION
control field 20220104173504.0
008 - FIXED-LENGTH DATA ELEMENTS--GENERAL INFORMATION
fixed length control field 210129b ||||| |||| 00| 0 eng d
020 ## - INTERNATIONAL STANDARD BOOK NUMBER
International Standard Book Number 0-671-84644-2
082 ## - DEWEY DECIMAL CLASSIFICATION NUMBER
Classification number 019.1 CUT
100 ## - MAIN ENTRY--PERSONAL NAME
Personal name WADE E. CUTLER
245 ## - TITLE STATEMENT
Title TRIPLE YOUR READING SPEED
Statement of responsibility, etc.
250 ## - EDITION STATEMENT
Edition statement 三版
260 ## - PUBLICATION, DISTRIBUTION, ETC.
Place of publication, distribution, etc.
Name of publisher, distributor, etc. PRENTICE HALL INC.
Date of publication, distribution, etc. 1993
300 ## - PHYSICAL DESCRIPTION
Other physical details
490 ## - SERIES STATEMENT
Series statement ARCO
650 ## - SUBJECT ADDED ENTRY--TOPICAL TERM
Topical term or geographic name entry element 读书法--阅读法
942 ## - ADDED ENTRY ELEMENTS (KOHA)
Koha item type Book
-- 019.1 CUT
Holdings
Withdrawn status Lost status Source of classification or shelving scheme Damaged status Not for loan Collection code Home library Current library Shelving location Date acquired Cost, normal purchase price Total Checkouts Full call number Barcode Date last seen Date last checked out Price effective from Koha item type Public note
            Malaysian Public Library, Research and Development Centre Malaysian Public Library, Research and Development Centre   10/12/2007 12.00   019.1 CUT E0004117 18/03/2021 10/12/2007 18/03/2021 Book mplrdc

© 2022. Malaysian Public Library, Research and Development Centre. All Right ReservedE-mailmplrdc@help.edu.my 

Powered by Koha